Dejiny slovenskej literatúry / (Record no. 20104)
[ view plain ]
| 000 -LEADER | |
|---|---|
| fixed length control field | 01245nam a2200325 aa4500 |
| 001 - CONTROL NUMBER | |
| control field | 20104 |
| 003 - CONTROL NUMBER IDENTIFIER | |
| control field | CZ PrNK |
| 005 - DATE AND TIME OF LATEST TRANSACTION | |
| control field | 20260116131859.0 |
| 007 - PHYSICAL DESCRIPTION FIXED FIELD--GENERAL INFORMATION | |
| fixed length control field | tu |
| 008 - FIXED-LENGTH DATA ELEMENTS--GENERAL INFORMATION | |
| fixed length control field | 990908m19631965xo e p 001 0 slo |
| 040 ## - CATALOGING SOURCE | |
| Original cataloging agency | ABA001 |
| Language of cataloging | cze |
| 043 ## - GEOGRAPHIC AREA CODE | |
| Geographic area code | e-xo--- |
| 072 #7 - SUBJECT CATEGORY CODE | |
| Subject category code | 821.162.4.09 |
| Subject category code subdivision | Slovenská literatura (o ní) |
| Source | Konspekt |
| 080 ## - UNIVERSAL DECIMAL CLASSIFICATION NUMBER | |
| Universal Decimal Classification number | 821.162.4(091) |
| Edition identifier | MRF |
| 080 ## - UNIVERSAL DECIMAL CLASSIFICATION NUMBER | |
| Universal Decimal Classification number | (075.8) |
| Edition identifier | MRF |
| 245 00 - TITLE STATEMENT | |
| Title | Dejiny slovenskej literatúry / |
| Statement of responsibility, etc. | [vedúcí autorského kolektivu: Ján Gregorec] |
| 260 ## - PUBLICATION, DISTRIBUTION, ETC. | |
| Place of publication, distribution, etc. | Bratislava : |
| Name of publisher, distributor, etc. | Slovenské pedagogické nakladateľstvo, |
| Date of publication, distribution, etc. | 1963-1965 |
| 300 ## - PHYSICAL DESCRIPTION | |
| Extent | 2 sv. ; |
| Dimensions | 25 cm |
| 490 1# - SERIES STATEMENT | |
| Series statement | Dočasná vysokoškolská učebnica pre pedagogické inštitúty |
| 500 ## - GENERAL NOTE | |
| General note | Nad názvem: Ústav pre diaľkové štúdium učiteľov pri UK v Bratislave |
| 504 ## - BIBLIOGRAPHY, ETC. NOTE | |
| Bibliography, etc. note | Obsahuje bibliografii a rejstřík |
| 505 0# - FORMATTED CONTENTS NOTE | |
| Formatted contents note | I. 1963. 444 s. -- II. 1965. 514 s. |
| 650 07 - SUBJECT ADDED ENTRY--TOPICAL TERM | |
| Topical term or geographic name entry element | dějiny slovenské literatury |
| Source of heading or term | czenas |
| 655 #7 - INDEX TERM--GENRE/FORM | |
| Genre/form data or focus term | učebnice vysokých škol |
| Source of term | czenas |
| 700 1# - ADDED ENTRY--PERSONAL NAME | |
| Personal name | Gregorec, Ján, |
| Dates associated with a name | 1914-1982 |
| Relationship | aut |
| 710 2# - ADDED ENTRY--CORPORATE NAME | |
| Corporate name or jurisdiction name as entry element | Univerzita Komenského v Bratislave. |
| Subordinate unit | Ústav pre diaľkové štúdium učiteľov |
| 830 #0 - SERIES ADDED ENTRY--UNIFORM TITLE | |
| Uniform title | Dočasná vysokoškolská učebnica pre pedagogické inštitúty |
| 910 ## - USER-OPTION DATA (OCLC) | |
| User-option data | ABA001 |
| 942 ## - ADDED ENTRY ELEMENTS (KOHA) | |
| Source of classification or shelving scheme | Dewey Decimal Classification |
| Koha item type | Odborná literatúra pre dospelých |
| Suppress in OPAC | No |
| Stav vyradenia | Strata | Poškodenie | Spôsob nadobudnutia | Domovská knižnica | Aktuálna knižnica | Dátum nadobudnutia | Total checkouts | Čiarový kód exemplára | Date last seen | Typ exemplára | Verejná poznámka |
|---|---|---|---|---|---|---|---|---|---|---|---|
| Dar | Obecná knižnica Horná Štubňa | Obecná knižnica Horná Štubňa | 16.01.2026 | 4736200091 | 16.01.2026 | Odborná literatúra pre dospelých | III. diel |
